00624nam a2200181 a 4500008004100000020002200041245008100063260005200144300003600196500002000232504004100252650004400293650004300337650003500380003000100415005001700416040000900433  a0521564220 (hbk.)10aEncyclopedia of vernacular architecture of the world/cedited by Paul Oliver aCambridge :bCambridge University Press,c1997. axiii, 1615 p. :bill. ;c25 cm. aIncludes index. aIncludes bibliographical references. 0aVernacular architecturezGreat Britain. 0aArchitecture, DomesticzGreat Britain. 0aFarm buildingszGreat Britain.20230120191422.0 cNUST